00708nam a2200241 a 4500001001300000003000900013005001700022008004100039020001000080082002000090100003300110245002500143260004200168300000900210500003500219505001000254650001600264700003300280902000800313942000700321952012100328999001700449nice12345678IN_TiNIC20260116013514.0050524s1980 dela grp 000 0 eng  ac12500a305.40954bBHA3 aBhattacharyya, Narendra Nath aIndian Puberty Rites aDelhibMunshiram Manoharlal Pubc1980 a124p aincludes index and biblioraphy2 aIndex aWomen-India1 aBhattacharyya, Narendra Nath bSRS cBK 001040708StackRoom-aHMIbHMId2007-04-05g125.00l0o305.40954 BHA3p018556r2007-04-05v125.00w2005-05-24yBK c11249d11249